<?xml version="1.0" encoding="UTF-8"?>
<record
    xmlns:xsi="http://www.w3.org/2001/XMLSchema-instance"
    xsi:schemaLocation="http://www.loc.gov/MARC21/slim http://www.loc.gov/standards/marcxml/schema/MARC21slim.xsd"
    xmlns="http://www.loc.gov/MARC21/slim">

  <leader>28906    a2202149   4500</leader>
  <datafield tag="999" ind1=" " ind2=" ">
    <subfield code="c">329418</subfield>
    <subfield code="d">329418</subfield>
  </datafield>
  <controlfield tag="003">Nust</controlfield>
  <controlfield tag="005">20170505121627.0</controlfield>
  <controlfield tag="008">170505b        xxu||||| |||| 00| 0 eng d</controlfield>
  <datafield tag="020" ind1=" " ind2=" ">
    <subfield code="a">8178081601</subfield>
  </datafield>
  <datafield tag="040" ind1=" " ind2=" ">
    <subfield code="c">0</subfield>
  </datafield>
  <datafield tag="082" ind1="0" ind2="0">
    <subfield code="a">515.15 THO</subfield>
  </datafield>
  <datafield tag="100" ind1="1" ind2=" ">
    <subfield code="a">Thomas, George B.</subfield>
    <subfield code="9">55</subfield>
  </datafield>
  <datafield tag="245" ind1="1" ind2="0">
    <subfield code="a">Calculus and analytic geometry </subfield>
    <subfield code="c">George B. Thomas, Jr., Ross L. Finney ; with the collaboration of Maurice D. Weir.</subfield>
  </datafield>
  <datafield tag="250" ind1=" " ind2=" ">
    <subfield code="a">9th ed.</subfield>
  </datafield>
  <datafield tag="260" ind1=" " ind2=" ">
    <subfield code="a">Singapore. :</subfield>
    <subfield code="b">PEARSON Education,</subfield>
    <subfield code="c">c1996.</subfield>
  </datafield>
  <datafield tag="300" ind1=" " ind2=" ">
    <subfield code="a">1 v. (various pagings) :</subfield>
    <subfield code="b">ill. (some col.) ;</subfield>
    <subfield code="c">27 cm.</subfield>
  </datafield>
  <datafield tag="500" ind1=" " ind2=" ">
    <subfield code="a">Includes index.</subfield>
  </datafield>
  <datafield tag="501" ind1=" " ind2=" ">
    <subfield code="a">P.B</subfield>
  </datafield>
  <datafield tag="505" ind1="0" ind2=" ">
    <subfield code="a">1. Limits and Continuity -- 2. Derivatives -- 3. Applications of Derivatives -- 4. Integration -- 5. Applications of Integrals -- 6. Transcendental Functions -- 7. Techniques of Integration -- 8. Infinite Series -- 9. Conic Sections, Parametrized Curves, and Polar Coordinates -- 10. Vectors and Analytic Geometry in Space -- 11. Vector-Valued Functions and Motion in Space -- 12. Multivariable Functions and Partial Derivatives -- 13. Multiple Integrals -- 14. Integration in Vector Fields -- A Brief Table of Integrals.</subfield>
  </datafield>
  <datafield tag="650" ind1=" " ind2="0">
    <subfield code="a">Calculus.</subfield>
    <subfield code="9">56</subfield>
  </datafield>
  <datafield tag="650" ind1=" " ind2="0">
    <subfield code="a">Geometry, Analytic.</subfield>
    <subfield code="9">57</subfield>
  </datafield>
  <datafield tag="700" ind1="1" ind2=" ">
    <subfield code="a">Finney, Ross L.</subfield>
    <subfield code="9">58</subfield>
  </datafield>
  <datafield tag="942" ind1=" " ind2=" ">
    <subfield code="c">BK</subfield>
    <subfield code="k">515.15 THO</subfield>
    <subfield code="2">ddc</subfield>
  </datafield>
  <datafield tag="952" ind1=" " ind2=" ">
    <subfield code="0">0</subfield>
    <subfield code="1">0</subfield>
    <subfield code="2">ddc</subfield>
    <subfield code="4">0</subfield>
    <subfield code="7">0</subfield>
    <subfield code="8">NFIC</subfield>
    <subfield code="a">IESE</subfield>
    <subfield code="b">IESE</subfield>
    <subfield code="c">GEN</subfield>
    <subfield code="d">2017-05-05</subfield>
    <subfield code="l">1</subfield>
    <subfield code="o">515.15 THO</subfield>
    <subfield code="p">IESE-866</subfield>
    <subfield code="r">2019-02-04</subfield>
    <subfield code="s">2018-12-03</subfield>
    <subfield code="w">2017-05-05</subfield>
    <subfield code="y">BK</subfield>
  </datafield>
</record>
